Autobiografías y memorias. Coleccionadas e ilustradas

Сохранить в:
Библиографические подробности
Главный автор: Serrano y Sanz, Manuel (Автор)
Формат:
Язык:испанский
Опубликовано: Madrid Bailly Baillière 1905
Редактирование:1a. ed
Серии:Nueva Biblioteca de Autores Españoles, II
Предметы:
Метки: Добавить метку
Нет меток, Требуется 1-ая метка записи!

MARC

LEADER 00000nam a2200000 a 4500
001 UCJ7135
003 CL-VaPUC
008 070124e19050000SP |||||||||||||||||spa|d
082 0 4 |a 860  |b SER  |2 21 
100 0 |a Serrano y Sanz, Manuel  |e author  |9 514337 
245 1 0 |a Autobiografías y memorias. Coleccionadas e ilustradas 
250 |a 1a. ed 
300 |a clxv, 545 p 
942 |c BK 
945 |d 20070124 00:00:00  |a rinostro 
260 |a Madrid  |b Bailly Baillière  |c 1905 
500 |a 8§, pasta española.- Anteport.- v. en b.- Port.- v. en b 
600 0 7 |a JAIME EL CONQUISTADOR  |2 CL-VaPUC  |9 515184 
600 0 7 |a CARLOS V  |2 CL-VaPUC  |9 349626 
600 0 7 |a PEREZ, ANTONIO  |2 CL-VaPUC  |9 394380 
600 0 7 |a COLON, CRISTOBAL  |2 CL-VaPUC  |9 265189 
600 0 7 |a CORTES, HERNAN  |2 CL-VaPUC  |9 258554 
600 0 7 |a DIAZ DEL CASTILLO, BERNAL  |2 CL-VaPUC  |9 376993 
600 0 7 |a ERAUSO, CATALINA DE  |2 CL-VaPUC  |9 508326 
600 0 7 |a MONJA ALFEREZ  |2 CL-VaPUC  |9 515185 
650 7 |a BIOGRAFIA  |2 CL-VaPUC  |9 504622 
650 7 |a MONARCAS ESPAÑOLES  |2 CL-VaPUC  |9 513909 
650 0 |a Viajes  |9 257115 
650 0 |a Expediciones científicas  |9 265222 
650 0 |a Mujeres  |9 257649 
650 0 |a Concilios  |9 315984 
650 0 |a Árabes  |9 316264 
650 7 |a NOVELA AUTOBIOGRAFICA  |2 CL-VaPUC  |9 515186 
650 0 |a Mitología   |9 255719 
650 7 |a LEYENDAS  |2 CL-VaPUC  |9 265258 
651 7 |a EL DORADO  |2 CL-VaPUC  |9 442700 
583 |a last modification  |c 20070124 00:00:00  |k Rodrigo Vera 
490 0 |a Nueva Biblioteca de Autores Españoles, II 
999 |c 323235  |d 323233 
952 |0 0  |1 0  |4 0  |6 860_000000000000000_SER_1905  |7 0  |8 X  |9 402656  |a FDOBUD  |b FDOBUD  |d 2019-11-22  |i 1059076  |o 860 SER 1905  |p 1059076  |r 2019-11-22  |w 2019-11-22  |y BK_X  |k BUD